000 00670nam a22002057a 4500
003 OSt
005 20160518193131.0
008 160518b xxu||||| |||| 00| 0 eng d
020 _a971-542-482-1
040 _cLIc
082 _22005
_aDFil 305.4221
_bL96g
100 _98580
_aLu, Jinky Leilani Del Prado
245 _aGender, information technology, and health/
_cJinky Leilanie Del Prado-Lu
260 _aQuezon City:
_bThe University of the Philippines Press,
_cc2005.
300 _a219 pages;
_c23 cm.
500 _aIncludes references.
650 0 _98581
_aWomen electronic industry workers
650 0 _98582
_aHealth and hygiene
_zPhilippines
942 _2ddc
_cDFIL
999 _c2600
_d2600